| 000 -ლიდერი |
| ფიქსირებული სიგრძის საკონტროლო ველი |
01669nam a22001937a 4500 |
| 003 - საკონტროლო ნომრის იდენტიფიკატორი |
| საკონტროლო ველი |
Ge_BSU |
| 005 - ბოლო ოპერაციის თარიღი და დრო |
| საკონტროლო ველი |
20210608124138.0 |
| 008 - ფიქსირებული სიგრძის მონაცემთა ელემენტები - ზოგადი ინფორმაცია |
| ფიქსირებული სიგრძის საკონტროლო ველი |
210608s2021 ge ||||| |||| 00| 0 geo d |
| 041 ## - ენის კოდი |
| Language code of text/sound track or separate title |
geo |
| 080 ## - უნივერსალური ათობითი კლასიფიკაციის ინდექსი |
| Universal Decimal Classification number |
82 ბ-25 |
| 100 ## - მთავარი ჩანაწერი - პიროვნების სახელი |
| Personal name |
ბარამიძე, ეკატერინე |
| 9 (RLIN) |
11974 |
| 245 ## - ცნობა სათაურის შესახებ |
| Title |
ანთროპონიმია სამყაროს ენობრივ სურათში და მისი დინამიკა : |
| Remainder of title |
(ზემო აჭარის მაგალითზე) / |
| Statement of responsibility, etc |
ეკატერინე ბარამიძე; სამეცნიერო ხელმძღვანელი თემურ ავალიანი; ბათუმის შოთა რუსთაველის სახელმწიფო უნივერსიტეტი. ჰუმანიტარულ მეცნიერებათა ფაკულტეტი. ქართული ფილოლოგიის დეპარტამენტი. |
| 300 ## - ფიზიკური აღწერა |
| Extent |
220 გვ.; |
| Other physical details |
30 სმ. |
| 501 ## - შენიშვნა თანმხლებ მასალაზე |
| With note |
დანართი გვ.186 - 214 |
| 504 ## - BIBLIOGRAPHY, ETC. NOTE |
| Bibliography, etc |
ბიბლიოგრ. გვ. 174-185 |
| 700 ## - ADDED ENTRY--PERSONAL NAME |
| Personal name |
ავალიანი, თემურ |
| Relator term |
სამეცნიერო ხელმძღვანელი |
| 9 (RLIN) |
11975 |
| 710 ## - ADDED ENTRY--CORPORATE NAME |
| Corporate name or jurisdiction name as entry element |
ბათუმის შოთა რუსთაველის სახელმწიფო უნივერსიტეტი. |
| Subordinate unit |
ჰუმანიტარულ მეცნიერებათა ფაკულტეტი. ქართული ფილოლოგიის დეპარტამენტი. |
| 9 (RLIN) |
11973 |
| 942 ## - ADDED ENTRY ELEMENTS (KOHA) |
| Source of classification or shelving scheme |
|
| Koha item type |
წიგნი |